Surgery at the district hospital Obstetrics, gynaecology, orthopaedics, and traumatology
Uloženo v:
| Hlavní autor: | |
|---|---|
| Médium: | Kniha |
| Jazyk: | Undetermined |
| Vydáno: |
Geveva
OMS
1991
|
| Témata: | |
| Tagy: |
Přidat tag
Žádné tagy, Buďte první, kdo otaguje tento záznam!
|
| Thư viện lưu trữ: | Trung tâm Học liệu Trường Đại học Cần Thơ |
|---|
| LEADER | 00535nam a2200193Ia 4500 | ||
|---|---|---|---|
| 001 | CTU_30248 | ||
| 008 | 210402s9999 xx 000 0 und d | ||
| 082 | |a 617 | ||
| 082 | |b S961 | ||
| 100 | |a OMS | ||
| 245 | 0 | |a Surgery at the district hospital | |
| 245 | 0 | |b Obstetrics, gynaecology, orthopaedics, and traumatology | |
| 245 | 0 | |c OMS | |
| 260 | |a Geveva | ||
| 260 | |b OMS | ||
| 260 | |c 1991 | ||
| 650 | |a surgery - methods | ||
| 904 | |i Nguyễn Quang Điền, 990511 | ||
| 980 | |a Trung tâm Học liệu Trường Đại học Cần Thơ | ||